[Event "Charlesbourg Millenium op"]
[Site "Charlesbourg"]
[Date "2004.11.22"]
[Round "1"]
[White "Beaudoin, Stephane"]
[Black "Mooney, Michel"]
[Result "1-0"]
[WhiteElo "2086"]
[BlackElo "1539"]
[PlyCount "43"]
[EventDate "2004.11.22"]
[EventType "swiss"]
[EventRounds "5"]
[EventCountry "CAN"]
[SourceTitle "EXT 2006"]
[Source "ChessBase"]
[SourceDate "2005.11.24"]
[SourceVersion "1"]
[SourceVersionDate "2005.11.24"]
[SourceQuality "1"]

1. e4 c5 2. Nf3 d6 3. d4 cxd4 4. Nxd4 Nf6 5. Nc3 a6 6. Be3 e6 7. f3 Be7 8. Qd2 Qc7 9. 0-0-0 0-0 10. g4 Nc6 11. h4 Nxd4 12. Bxd4 b5 13. h5 b4 14. Na4 Nd7 15. g5 Bb7 16. g6 h6 17. gxf7+ Rxf7 18. Bh3 Rc8 19. Kb1 Bg5 20. Qxb4 Qxc2+ 21. Ka1 Re7 22. Qxb7 1-0

[Event "Charlesbourg op2"]
[Site "Charlesbourg"]
[Date "2004.07.26"]
[Round "2"]
[White "Mooney, Michel"]
[Black "Lessard, Claude"]
[Result "0-1"]
[WhiteElo "1619"]
[BlackElo "2101"]
[PlyCount "54"]
[EventDate "2004.07.??"]
[EventType "swiss"]
[EventRounds "5"]
[EventCountry "CAN"]
[SourceTitle "EXT 2006"]
[Source "ChessBase"]
[SourceDate "2005.11.24"]
[SourceVersion "1"]
[SourceVersionDate "2005.11.24"]
[SourceQuality "1"]

1. e4 c5 2. Nf3 d6 3. d4 cxd4 4. Nxd4 Nf6 5. Nc3 g6 6. Be2 Bg7 7. Be3 0-0 8. Qd2 Nc6 9. 0-0-0 Nxd4 10. Bxd4 Be6 11. f3 Rc8 12. g4 Qa5 13. b3 Rxc3 14. Qxc3 Qxa2 15. g5 Nh5 16. Bxg7 Nxg7 17. Rd4 Qa3+ 18. Kb1 Rc8 19. Qd2 Nh5 20. e5 dxe5 21. Rd8+ Rxd8 22. Qxd8+ Kg7 23. Qc7 f6 24. gxf6+ Kxf6 25. Re1 Qb4 26. Rd1 Nf4 27. Bf1 Nd5 0-1